000 00421nam a2200169Ia 4500
003 LK-CoDNM
008 010623t xxu||||| |||| 00| 1 sin d
040 _aLK-CoDNM
_dLK-CoDNM
_eLK-CoDNM
041 _asin
080 _a294.3NAN
100 _aNandaratana himi,Katugampola
245 _aභාවනා උපදෙස් 04
246 _aBhawana Upades 04
300 _b19p, 21 cm
650 _aBuddhism
942 _cBK
999 _c140055
_d140055